| 000 | 01114nam a2200301 a 4500 | ||
|---|---|---|---|
| 001 | ebr10591129 | ||
| 003 | CaPaEBR | ||
| 006 | m u | ||
| 007 | cr cn||||||||| | ||
| 008 | 840817s1912 gw s 000 0 lat d | ||
| 010 | _z 13001241 | ||
| 020 | _z9783110984224 | ||
| 020 | _z9783111327549 (e-book) | ||
| 040 |
_aCaPaEBR _cCaPaEBR |
||
| 035 | _a(OCoLC)811400767 | ||
| 050 | 1 | 4 |
_aNA2515 _b.V62 1912eb |
| 100 | 0 | _aVitruvius Pollio. | |
| 245 | 1 | 0 |
_aDe architectura libri decem _h[electronic resource] / _cVitruvii ; edidit F. Krohn. |
| 260 |
_aLipsiae : _bin aedibus B. G. Teubneri, _c1912. |
||
| 300 | _axi, 291 p. | ||
| 533 |
_aElectronic reproduction. _bPalo Alto, Calif. : _cebrary, _d2011. _nAvailable via World Wide Web. _nAccess may be limited to ebrary affiliated libraries. |
||
| 650 | 0 |
_aArchitecture _vEarly works to 1800. |
|
| 655 | 7 |
_aElectronic books. _2local |
|
| 700 | 1 | _aKrohn, F. | |
| 710 | 2 | _aebrary, Inc. | |
| 740 | 0 | _aDe architectura. | |
| 856 | 4 | 0 |
_uhttp://site.ebrary.com/lib/rucke/Doc?id=10591129 _zAn electronic book accessible through the World Wide Web; click to view |
| 999 |
_c210017 _d210017 |
||